000 00943nam a2200241Ia 4500
001 8471
003 GE_BSU
008 181216s||||||||xx |||||||||||||| ||und||
040 _cGE_BSU
080 _a821.353.1-32+784.4(479.22)
100 _aერქომაიშვილი, ანზორ
245 _aშავი შაშვი ჩიოდა (მოთხრობები)
245 _cბოლოსიტყვაობის ავტ.: თ.ბექიშვილი; რედ.: მარინე სოხაძე; მხატვ.: ე.ბერძენიშვილი.
250 _a1–ლი, მე–2 გამოც.
260 _aთბილისი.
260 _bნაკადული.
260 _c1988
300 _a132 გვ; 20 სმ.ილ;
541 _h3 ლ.
653 _aმოთხრობები
653 _aშავი შაშვი ჩიოდა
942 _cBK
999 _c41789
_d41789